Butterworths Law Reports (Record no. 3217)

MARC details
000 -LEADER
fixed length control field 00460nam a22001697a 4500
005 - DATE AND TIME OF INPUT
control field 20241015061635.0
008 - DATA ELEMENTS--GENERAL INFORMATION
fixed length control field 241015b |||||||| |||| 00| 0 eng d
022 ## - INTERNATIONAL STANDARD SERIAL NUMBER
International Standard Serial Number 10233806
041 ## - LANGUAGE CODE
Language code of text English
082 ## - SHELF NUMBER
DDC number 348 BUT
100 ## - MAIN AUTHOR
Language of a work English
245 ## - TITLE STATEMENT
Title Butterworths Law Reports
260 ## - PUBLICATION, DISTRIBUTION, ETC.
Place of publication, distribution, etc. Durban:
Name of publisher, distributor, etc. LexisNexis (Pty) Ltd,
Date of publication, distribution, etc. 2024
300 ## - PHYSICAL DESCRIPTION
Other physical details xix, 552 pages;
Dimensions 25 cm.
650 ## - SUBJECT`
Broad subject Legal practice
Own subject terms Law
942 ## - ADDED ENTRY ELEMENTS (KOHA)
Item type Books
942 ## - ADDED ENTRY ELEMENTS (KOHA)
-- ALISON_BN_VRIES
Holdings
Source of classification or shelving scheme Volume number (bound volume or other part) Not for loan Collection code Home library Current library Shelving location Date acquired Full call number Barcode Price effective from Koha item type
Dewey Decimal Classification May 2024   TEXT BOOKS LAW SOCIETY OF NAMIBIA LIBRARY - WINDHOEK LAW SOCIETY OF NAMIBIA LIBRARY - WINDHOEK Butterworths law reports (Labor law) 10/15/2024 348 BUT LSN/2024/116 10/15/2024 Books
Dewey Decimal Classification July 2024   TEXT BOOKS LAW SOCIETY OF NAMIBIA LIBRARY - WINDHOEK LAW SOCIETY OF NAMIBIA LIBRARY - WINDHOEK Butterworths law reports (Labor law) 10/15/2024 348 BUT LSN/2024/117 10/15/2024 Books
Dewey Decimal Classification August 2024   TEXT BOOKS LAW SOCIETY OF NAMIBIA LIBRARY - WINDHOEK LAW SOCIETY OF NAMIBIA LIBRARY - WINDHOEK Butterworths law reports (Labor law) 10/15/2024 348 BUT LSN/2024/102 10/15/2024 Books
Dewey Decimal Classification November 2024   TEXT BOOKS LAW SOCIETY OF NAMIBIA LIBRARY - WINDHOEK LAW SOCIETY OF NAMIBIA LIBRARY - WINDHOEK Butterworths law reports (Labor law) 03/17/2025 349 BUT LSN/2025/11 03/17/2025 Books
Dewey Decimal Classification December 2024   TEXT BOOKS LAW SOCIETY OF NAMIBIA LIBRARY - WINDHOEK LAW SOCIETY OF NAMIBIA LIBRARY - WINDHOEK Butterworths law reports (Labor law) 03/17/2025 349 BUT LSN/2025/15 03/17/2025 Books